Primers auxilis a l'escola : programa Aprèn sol / programa Aprèn sol /
Descripción Física:
15 p. : il. ; 30 cm
Materias:
Primers auxilis -- Ensenyament
Idioma:
Catalán
MARC
| LEADER | 00000nam a2200000Ia 4500 | ||
|---|---|---|---|
| 001 | 17690 | ||
| 003 | Arxiu | ||
| 005 | 20260324175708.0 | ||
| 008 | 160829s1999 spc xx s cat c | ||
| 040 | |a AGDB | ||
| 080 | |a FU-15-9 | ||
| 245 | 0 | 0 | |a Primers auxilis a l'escola : |b programa Aprèn sol / |c text: Creu Roja Barcelona |
| 250 | |a 2a ed. ; Ed. no venal | ||
| 260 | |a Barcelona : |b Diputació de Barcelona. Servei de Salut Pública i Consum, |c 1999 | ||
| 300 | |a 15 p. : |b il. ; |c 30 cm | ||
| 490 | 1 | |a Salut a l'Escola ; |v 2 | |
| 650 | |a Primers auxilis |x Ensenyament |9 46450 | ||
| 710 | 2 | |a Creu Roja Espanyola. |b Assemblea Provincial de Barcelona |9 56190 |e entitat autora | |
| 710 | |a Barcelona (Catalunya : Província). |b Servei de Salut Pública i Consum |9 8151 |e entitat editora | ||
| 830 | 0 | |9 56098 |a Salut a l'escola (Barcelona (Catalunya : Província). Diputació) |v 2 | |
| 901 | |a Arxiu | ||
| 942 | |n 1 |2 udc | ||
| 952 | |0 0 |1 0 |4 0 |6 FU159 |7 1 |9 48263 |a Arxiu |b Arxiu |d 2016-12-01 |l 0 |o FU-15-9 |p 17690 |r 2016-12-01 00:00:00 |w 2016-12-01 |y ARXIU | ||
| 999 | |c 52069 |d 52069 | ||